000 00441nam a22001697a 4500
003 NUST - PNEC
005 20170116181046.0
008 150924b xxu||||| |||| 00| 0 eng d
020 _a0071125965
040 _cLIBRARY
082 _a621.11296 DEH
100 _911722
_aDeHoff, Robert T
245 _aThermodynamics in materials science
_cRobert T. Dehoff
260 _cc.1993
650 _96985
_aMaterials science
_xME
942 _2ddc
_cBK
999 _c68243
_d68243